|
|
|
|
| LEADER |
00000nam a2200000 a 4500 |
| 001 |
vtls010108185 |
| 003 |
SK-MaSNL |
| 005 |
20260302011243.0 |
| 008 |
240318 000 0 eng |
| 040 |
|
|
|a SNK
|b slo
|c SNK
|e AACR2
|
| 100 |
1 |
|
|a Wenzel, Gusztáv
|4 aut
|9 288147
|
| 245 |
1 |
0 |
|a A magyar bányajog rendszere
|n Első füzet. Általámos rész. - Második füzet. Külőnős rész.
|c Wenzel Gusztáv
|
| 250 |
|
|
|a 2. kiad.
|
| 260 |
|
|
|a Budapest
|b Athenaeum
|c 1872, 1979
|
| 300 |
|
|
|a 104, 112 s.
|
| 999 |
|
|
|c 1005436
|d 1007366
|
| 952 |
|
|
|a SNK
|b SNK
|y PREZ
|7 0
|p 17A0662347
|o snkSD 18779/1-2
|i snkK 2070/60
|8 3
|0 0
|1 0
|4 0
|d 2010-06-22
|l 0
|r 2025-12-02 00:00:00
|w 2026-02-24
|